000 00517nam a2200169 i 4500
001 43083
003 ES-MaACL
005 20231227153120.0
007 t|
008 030314s1957 sp ||||1| spa d
100 1 _aCastro, Rosalía de,
_d1837-1885
_9147676
245 1 0 _aCantares gallegos /
_cRosalía de Castro.
260 _a[Madrid :
_bAguilar,
_c1957] (
_eValencia :
_fTip. Artística)
300 _a416 p. :
_b1 retr. aut. ;
_c8 cm.
852 _aES-MaACL
_jD-6732
_bR.41261
999 _c43083
_d43083